000 00431nam a2200181Ia 4500
001 14326
005 20260306164906.0
008 260306t1998||||xx |||||||||||||| ||spa||
041 _aESP
082 _a511.3
_bL539
100 _aLewis, Harry R.
_eAUT
245 0 _aElements of the theory of computation
260 _c1998
300 _a361 páginas :
_c23 cm.
650 _aGEN
654 _aCMA
942 _cLIB
_dJUS
_fJUS
_2ddc
_n
999 _c14326
_d14326